On This Day: October 18th Quiz Stats

 Plays Quiz Updated Oct 18, 2017

Challenge
Share
Tweet
Embed
Score 0/7 Timer 03:00
0 Plays Today
Question Answer Wrong Answers
This novel by Herman Melville is first published in London.
1851
Moby-Dick; or, The Whale
93.6%
Great Expectations
2.3%
The Call of the Wild
2.3%
Crime and Punishment
1.8%
This territory, purchased from Russia for $7.2 million, is formally transferred to the United States.
1867
Alaska
92.3%
Louisiana
5.1%
Oregon
1%
Texas
0.7%
The British ______ Company (later Corporation) is founded.
1922
Broadcasting
90.6%
Cable
2.8%
Communication
4.7%
Bulletin
0.5%
This rock and roll music pioneer, known for songs like ‘Maybellene’ and ‘Johnny B. Goode’, is born.
1926
Chuck Berry
87.8%
Little Richard
6.8%
Muddy Waters
1.5%
Fats Domino
2.1%
The United States takes possession of this Caribbean island from Spain.
1898
Puerto Rico
82.9%
Guam
6.7%
Hispaniola
6.8%
Jamaica
2.2%
Argentine military officer and politician Juan Perón marries this actress.
1945
Eva Duarte
76.1%
Cristina Fernández
2.9%
Libertad Lamarque
0.6%
Eva Gabor
18.5%
Texas Instruments begins selling the first ______ radio.
1954
Transistor
67%
Two-way
7.4%
High Frequency
3.6%
FM
19.8%

Today's Daily Dose

You're not logged in!

Compare scores with friends on all Sporcle quizzes.
OR
Log In

You Might Also Like...

Show Comments

Extras

Top Quizzes Today


Score Distribution

Your Account Isn't Verified!

In order to create a playlist on Sporcle, you need to verify the email address you used during registration. Go to your Sporcle Settings to finish the process.

Report this User

Report this user for behavior that violates our Community Guidelines.

Details: